01076nam a2200205 a 4500003001000000005001700010008003900027020002200066040003400088080002000122100004900142245004400191250001100235260003800246300002100284520051000305650002100815650002300836655001100859AR-RoUNCS20251216152743.0250805s2018 ag gr 001 d spa a978-84-662-3775-8 aAR-BaBNbspacAR-RoUNCSeaacr1 a82-21(41)220161 aShakespeare, William,d1564-1616eautor4aut10aRomeo y Julieta /cWilliam Shakespeare. a1a ed. aMadrid :bEditorial Libsa,c2018. a159 p. ;c18 cm.3 aLa fatalidad que persiguen a los amantes y su trágico final hizo de "Romeo y Julieta" una de las obras más populares de William Shakespeare, quizás la más magistral, la que sigue representando con el mismo entusiasmo que cuando se estrenó. Su habilidad para pasar de la comedia inicial a la definitiva tragedia manteniendo en tensión al lector era ya el indicio de de que su fama perduraría en el tiempo como un tratado del amor romántico y de sus funestas consecuencias (Nota del editor). 4aTragedia inglesa 4aLiteratura inglesa 4aTeatro